Statistics for Movie Picture Click - Stanley Kubrick

Click here to take the quiz!

General Stats

  • This quiz has been taken 1,261 times
  • The average score is 9 of 13

Answer Stats

HintAnswer% Correct
The Shining
97%
Spartacus
93%
Full Metal Jacket
88%
2001: A Space Odyssey
86%
A Clockwork Orange
86%
Eyes Wide Shut
71%
Dr. Strangelove
69%
Paths of Glory
66%
Lolita
65%
Barry Lyndon
58%
The Killing
51%
Fear and Desire
33%
Killer's Kiss
32%

Score Distribution

Percentile by Number Answered

Percent of People with Each Score

Your Score History

You have not taken this quiz